000 00752nam a2200229 a 4500
001 000010447
005 20240412074218.0
008 091007s1994 dr r 000 p spa d
020 _a8489539065
040 _aDO-SdBNP
_bspa
_cBNPHU
082 _aRD861.44
_bM839d, 1994
100 1 _aMorel Olivo, Genaro
_925451
245 1 0 _aDominicanadas en décimas /
_cGenaro Morel Olivo ; introducción Salvador Pérez Martínez.
250 _a2º ed.
260 _aSanto Domingo :
_bEditora de Colores,
_c1994.
300 _a193 p. ;
_c21 cm.
590 _aInventariado, 2018/BT
650 0 _aPoesía dominicana
_966
650 0 _aLiteratura dominicana.
_967
700 1 _aPérez Martínez, Salvador
_925452
910 _aValidado. Control de calidad. MMOLINA
999 _c10206
_d10206